MARC

LEADER 00000nam0a2200000 4500
001 325997
005 20231102003822.0
035 |a (RuTPU)RU\TPU\book\351613 
090 |a 325997 
100 |a 20161215d1951 k y0rusy50 ca 
101 0 |a rus 
102 |a RU 
105 |a y dm 000zy 
200 1 |a Природа горячих сверхгигантов  |e автореферат диссертации на соискание ученой степени кандидата физико-математических наук  |f А. Н. Дадаев  |g Академия наук СССР (АН СССР), Главная астрономическая обсерватория (ГАО) 
210 |a Ленинград  |c [Б. и.]  |d 1951 
215 |a 11 с. 
300 |a Защита сост. 28.12.1951 г. 
606 1 |a Звезды субгиганты  |2 stltpush  |3 (RuTPU)RU\TPU\subj\11486  |9 38414 
610 1 |a сверхгиганты 
610 1 |a наблюдения 
610 1 |a фотографические процессы 
610 1 |a фотографическая оптика 
610 1 |a спектры 
610 1 |a фотографирование 
610 1 |a кривые блеска 
610 1 |a изображение 
610 1 |a интерпретация 
610 1 |a спектроскопические данные 
610 1 |a фотометрические данные 
610 1 |a сопоставление 
610 1 |a авторефераты диссертаций 
675 |a 524.31(04)  |v 4 
700 1 |a Дадаев  |b А. Н. 
712 0 2 |a Академия наук СССР (АН СССР)  |b Главная астрономическая обсерватория (ГАО)  |c (Ленинград)  |2 stltpush  |3 (RuTPU)RU\TPU\col\21851 
801 1 |a RU  |b 63413507  |c 20161215 
801 2 |a RU  |b 63413507  |c 20181226  |g RCR 
942 |c BK